000
00316nam a2200109Ia 4500
008
200302s9999 xx 000 0 und d
100
_a
Joanne Palmisano
245
_a
Transforming Reclaimed Materials in to Design Concepts Salavage Secrets
260
_b
W. W. North & Company, Inc,
260
_c
2011
300
_a
256 P.,
999
_c
3930
_d
3930